| 000 | 00496nam a2200169Ia 4500 | ||
|---|---|---|---|
| 003 | GCL | ||
| 008 | 140319s9999 xx 000 0 ara d | ||
| 040 |
_aGCL / _cGCL |
||
| 082 | 0 | 4 |
_aد _b050 |
| 100 | 1 | _aمحمد عبدالعزيز مرزوق | |
| 245 | 1 | 0 |
_aالفن المصرى الاسلامى (اقرا 114 ) / _cمحمد عبدالعزيز مرزوق |
| 300 | _a12 | ||
| 490 |
_aاقرأ _v0 |
||
| 650 | 0 | 4 | _aالفن المصرى |
| 650 | 0 | 4 | _aالفن الاسلامى |
| 942 |
_2ddc _cBK |
||
| 999 |
_c48691 _d48691 |
||